Tarihçi gözüyle Atatürk/ (Record no. 14344)

MARC details
000 -BAŞLIK
Sabit Uzunlukta Kontrol Alanı 00760nam a22002297a 4500
999 ## - SİSTEM KONTROL NUMARALARI (KOHA)
Koha Biblionumber 14344
Koha Biblioitemnumber 14344
003 - KONTROL NUMARASI IDENTIFIER
Denetim Alanı MIRAKIL
005 - SON İŞLEM TARİHİ VE ZAMANI
Denetim Alanı 20210330113448.0
008 - SABİT-BOY VERİ ELEMANLARI - GENEL BİLGİLER
Sabit Uzunlukta Kontrol Alanı 210330b tu ||||| |||| 00| 0 tur d
035 ## - SİSTEM KONTROL NUMARASI
Sistem Kontrol Numarası 15130
040 ## - KATALOGLAMA KAYNAK
Orijinal Kataloglama Ajansı TR-AnCHP
Kataloglama Dili tur
Metne Dönüştürmek Ajansı TR-AnCHP
041 ## - DİL KODU
Metin / Ses Parça Veya Ayrı Başlığın Dil Kodu tur
082 ## - DEWEY ONLU SINIFLANDIRMA NUMARASI
Sınıflandırma Numarası ATA 923.156
Ürün Numarası Ş33t 1967
100 ## - ANA GİRİŞ - KİŞİSEL İSİM
Kişisel Ad Şehsuvaroğlu, Haluk Y.
245 ## - BAŞLIK TABLOSU
Başlık Tarihçi gözüyle Atatürk/
Sorumluluk Tablosu, Vb Haluk Y. Şehsuvaroğlu
250 ## - EDITION TABLOSU
Baskı Beyanı 3. bs.
260 ## - YAYIN, DAĞITIM, VB
Yayın, Dağıtım, Vb Yeri İstanbul :
Yayıncı, Dağıtıcı, Vs Adı Varlık Yayınları,
Yayın, Dağıtım, Vb Tarihi 1967.
300 ## - FİZİKSEL TANIM
Kapsam 78 s.:
Boyutlar 17 sm.
600 14 - KONU KATMA GİRİŞ - KURUMSAL ADI
Kişisel Ad Atatürk, Gazi Mustafa Kemal
Başlıklar Ve Bir Adla İlişkili Diğer Kelimeler Türkiye Cumhuriyeti Cumhurbaşkanı
Bir Adıyla İlişkilendirilen Tarihler 1881-1938
Genel Alt Bölümü Yaşam öyküsü
9 (RLIN) 1465
650 #0 - KONU KATMA GİRİŞ - TOPİKAL DÖNEM
Topikal Süreli Veya Coğrafi Ad Giriş Elemanı Cumhurbaşkanları
Kronolojik Alt Bölümü Yaşamöyküsü
Coğrafi Alt Bölümü Türkiye
9 (RLIN) 5415
651 ## - KONU KATMA GİRİŞ - COĞRAFİ ADI
Coğrafi İsim Türkiye
Genel Alt Bölümü Siyaset ve yönetim
942 ## - EKLENDİ GİRİŞ ELEMANLARI (KOHA)
Sınıflandırma Veya Raf Düzeni Kaynak Dewey Decimal Classification
Koha Öğesi Türü Books
Holdings
Kalıcı Konum Mevcut Konum Edinme Tarihi Toplam Check-Out'Lar Tam Çağrı Numarası Barkod Tarih Son Görülme İtibaren Geçerli Fiyatlar Sigara Kamu Notu Koha Öğesi Türü
CHP Kütüphanesi CHP Kütüphanesi 03/30/2021   ATA 923.156 Ş33t 1967 019831 03/30/2021 03/30/2021 Emine Başak Alkan Bağışıdır. Books